000 00580nam a2200205 i 4500
001 10882
003 ES-MaACL
005 20230906145958.0
007 t|
008 921021s1989 sp ||||0| spa d
016 7 _zCEN920091087
020 _a84-87417-00-3
040 _aCEN
_bspa
_cCEN
080 _a860-14"19"
100 1 _aQuintana, Antonio.
_994654
245 1 0 _aY convertido en lluvia de oro osó posarse en los ojos de los gatos /
_cAntonio Quintana.
260 _aMadrid :
_bLa Palma,
_c1989.
300 _a45 p ;
_c21 cm.
852 _aES-MaACL
_j2149-F-14
_bR.121953
999 _c10882
_d10882